| 000 | 01048nam a2200289 a 4500 | ||
|---|---|---|---|
| 005 | 20191224041635.0 | ||
| 008 | 140305b1999 pn ||||| |||| 00| 0 spa d | ||
| 040 |
_aCO-BoIAVH _cCO-BoIAVH _d9962811171 |
||
| 041 | _aspa | ||
| 044 | _apn | ||
| 082 | 1 | 0 |
_a597.817 _bI12a |
| 090 |
_aLB _b02223 |
||
| 100 | 1 | _aIbañez D., Roberto | |
| 245 | 1 | 4 | _aLos anfibios del monumento natural Barro Colorado, parque nacional Soberania y áreas adyacentes |
| 246 | _aAmphibians of Barro Colorado nature monument, Soberania national park and adjacent áreas | ||
| 260 |
_aPanamá: _bFundación Natura, _bCirculo Herpetológico de Panamá, _bSmithsonian Tropical Research Institute, _c1999. |
||
| 300 | _a187 páginas | ||
| 650 | 1 |
_aAnfibios _zPanamá |
|
| 650 | 1 | _aTaxonomía | |
| 650 | 1 | _aInventarios | |
| 650 | 1 | _aHistoria natural | |
| 650 | _aAnfibia | ||
| 662 |
_aPanamá _cParque Nacional Soberanía |
||
| 700 | 1 | _aRand, A. Stanley | |
| 700 | 1 | _aJaramillo A., César A. | |
| 942 |
_cLIBRO _2ddc |
||
| 999 |
_c2411 _d2411 |
||